Bonos de participación cumplimiento y pago

Uloženo v:
Podrobná bibliografie
Hlavní autor: Chacón Jiménez, Luis
Médium: Neznámo
Vydáno: [San José, Costa Rica] 1967
Témata:
Tagy: Přidat tag
Žádné tagy, Buďte první, kdo vytvoří štítek k tomuto záznamu!

MARC

LEADER 00000 a2200000 4500
003 011308
005 20221231143814.0
008 140114s1967 c a m 000 ||s d
040 |c cru CEDI 
090 |a TFG 369 
100 |a Chacón Jiménez, Luis  |9 17832 
245 |a Bonos de participación cumplimiento y pago 
260 |c 1967  |a [San José, Costa Rica] 
300 |a 58 hojas ; 27 cm.  
500 |a Tesis (Ingeniero Civil) Universidad de Costa Rica.  
501 |a  Ed. mimeografiada.  
650 |x BONOS - COSTA RICA   |x CONSTRUCCION - COSTA RICA   |x INDUSTRIA DE LA CONSTRUCCION - COSTA RICA  |9 17833 
942 |c TFG 
999 |c 12264  |d 12264